000 00728nam a2200193 i 4500
001 69545
003 ES-MaACL
005 20250901043508.0
007 t|
008 040707s1955 sp ||||1| spa d
100 1 _aGarcía y Domínguez, Ulpiano R.
_955428
245 1 4 _aLos derechos de la mujer, su evolución, estado actual y reformas :
_b(con doctrina, legislación y sentencias del Tribunal Supremo) /
_cUlpiano R. García Domínguez.
260 _aPuertollano :
_b[s.n.,
_c1955] (
_fImp. La Económica)
300 _a32 p. ;
_c22 cm.
650 4 _aMujeres-
_xDerechos-
_zEspaña
_915265
650 4 _aMujeres-
_xEstatuto jurídico-
_zEspaña-
_y1939-1975.
_9167833
852 4 _aES-MaACL
_j1986-F-15
999 _c69545
_d69545